20-те най-големи езера в света - Statistics

General Stats
  • This quiz has been taken 63 times
  • The average score is 11 of 20
Answer Stats
Island % Correct
Виктория
95%
Байкал
89%
Каспийско море
86%
Титикака
76%
Мичиган
70%
Горно
65%
Онтарио
65%
Танганика
59%
Ладожко
51%
Хюрън
49%
Ери
49%
Голямо Мече
43%
Малави / Няса
41%
Онежко
41%
Голямо Робско
35%
Маракайбо
35%
Никарагуа
32%
Уинипег
27%
Балхаш
24%
Патус
19%
No matching quizzes found
Score Distribution
Percent of People with Each Score
Percentile by Number Answered
Your Score History
You have not taken this quiz